| 000 | 00997nam a2200325 a 4500 | ||
|---|---|---|---|
| 001 | vtls000210221 | ||
| 003 | NLI | ||
| 005 | 20210602115913.0 | ||
| 008 | 101126s1971 ru 000 0 eng | ||
| 039 | 9 |
_y201011260040 _zVLOAD |
|
| 040 | 0 |
_aNLI _beng _cVERGIS-2010 _eAACR2 |
|
| 041 | 1 |
_aeng _hrus |
|
| 044 | _aru | ||
| 082 | 0 | 4 | _a891.733 |
| 100 | 1 |
_aLenin, Vladimir Ilich, _d1870-1924 _9179971 |
|
| 240 | 1 | 0 |
_aStati o Tolstom . _lEnglish |
| 245 | 1 | 0 |
_aArticles on Tolstoi / _cV. I. Lenin |
| 260 |
_aMoscow : _bProgress Publishers, _c1971 |
||
| 300 |
_a34 p. ; _c20 cm. |
||
| 500 | _aLibrary has 2. cops. | ||
| 600 | 1 | 0 |
_aTolstoy, Leo, _cGraf, _d1828-1910 _xCriticism and interpretation _9106320 |
| 887 | _a | ||
| 901 |
_aG14224 _b15.02.1967 _9c.2 |
||
| 901 |
_aG12101 _b24.03.1966 |
||
| 902 | _aE 891.733 L 547 | ||
| 949 |
_AVIRTUAITEM _D10000 _X100 _6GXX000014224ENG |
||
| 942 |
_2ddc _cBKS |
||
| 949 |
_AVIRTUAITEM _D10000 _X100 _6GXX000012101ENG |
||
| 991 | _eanita 20.03.2010 | ||
| 999 |
_aVIRTUA40 _c213955 _d213955 |
||